Welcome to CU Library Online Public Access Catalogue (OPAC)

Elements of civil engineering (Record no. 787)

MARC details
000 -LEADER
fixed length control field 00406nam a22001577a 4500
005 - DATE AND TIME OF LATEST TRANSACTION
control field 20241107110726.0
008 - FIXED-LENGTH DATA ELEMENTS--GENERAL INFORMATION
fixed length control field 241107b |||||||| |||| 00| 0 eng d
020 ## - INTERNATIONAL STANDARD BOOK NUMBER
International Standard Book Number 9788125918288
050 ## - LIBRARY OF CONGRESS CALL NUMBER
Classification number TA 144
Item number BHA
100 ## - MAIN ENTRY--PERSONAL NAME
Personal name Bhavikatti, S.S
245 ## - TITLE STATEMENT
Title Elements of civil engineering
250 ## - EDITION STATEMENT
Edition statement 4th
260 ## - PUBLICATION, DISTRIBUTION, ETC.
Place of publication, distribution, etc. New Delhi
Name of publisher, distributor, etc. VIKAS PUBLISHING HOUSE
Date of publication, distribution, etc. c2006
300 ## - PHYSICAL DESCRIPTION
Extent xii,216p
Other physical details ill.;
942 ## - ADDED ENTRY ELEMENTS (KOHA)
Source of classification or shelving scheme Library of Congress Classification
Koha item type Books
Suppress in OPAC No
999 ## -
-- 787
-- 787
Holdings
Withdrawn status Lost status Source of classification or shelving scheme Damaged status Not for loan Collection Home library Current library Shelving location Date acquired Total checkouts Full call number Barcode Date last seen Copy number Price effective from Koha item type
    Library of Congress Classification     Non-fiction Science Library (Miotso) Science Library (Miotso) General stacks 11/04/2025   TA147 BHA SLM00005296 11/04/2025 1 11/04/2025 Books
    Library of Congress Classification     Non-fiction Science Library (Miotso) Science Library (Miotso) General stacks 11/04/2025   TA147 BHA SLM00005297 11/04/2025 2 11/04/2025 Books
    Library of Congress Classification     Non-fiction Science Library (Miotso) Science Library (Miotso) General stacks 11/04/2025   TA147 BHA SLM00005298 11/04/2025 3 11/04/2025 Books
    Library of Congress Classification     Non-fiction Science Library (Miotso) Science Library (Miotso) General stacks 11/04/2025   TA147 BHA SLM00005299 11/04/2025 4 11/04/2025 Books
    Library of Congress Classification     Non-fiction Undergraduate Library (Christ Temple) Undergraduate Library (Christ Temple) General stacks 11/07/2024   TA 144 BHA 9788125918288 11/07/2024 1 11/07/2024 Books
    Library of Congress Classification     Non-fiction Undergraduate Library (Christ Temple) Undergraduate Library (Christ Temple) General stacks 11/07/2024   TA 144 BHA 9788125918289 11/07/2024 2 11/07/2024 Books
    Library of Congress Classification     Non-fiction Undergraduate Library (Christ Temple) Undergraduate Library (Christ Temple) General stacks 11/07/2024   TA144 BHA ulct00000181 11/07/2024 1 11/07/2024 Books
    Library of Congress Classification     Non-fiction Undergraduate Library (Christ Temple) Undergraduate Library (Christ Temple) General stacks 11/07/2024   TA144 BHA ulct00000182 11/07/2024 2 11/07/2024 Books
© 2023-2024 Copyright: Central University Libraries. All Rights Reserved | Created by: Mahone Tech Office